header

ACL surgery : (Record no. 144383)

MARC details
000 -LEADER
fixed length control field 02461nam a2200433 i 4500
001 - CONTROL NUMBER
control field ebr10801944
003 - CONTROL NUMBER IDENTIFIER
control field CaPaEBR
006 - FIXED-LENGTH DATA ELEMENTS--ADDITIONAL MATERIAL CHARACTERISTICS--GENERAL INFORMATION
fixed length control field m o d
007 - PHYSICAL DESCRIPTION FIXED FIELD--GENERAL INFORMATION
fixed length control field cr cn|||||||||
008 - FIXED-LENGTH DATA ELEMENTS--GENERAL INFORMATION
fixed length control field 091130t20102010njua ob 000 0 eng|d
020 ## - INTERNATIONAL STANDARD BOOK NUMBER
Cancelled/invalid ISBN 9781556428951 (hardcover : alk. paper)
Cancelled/invalid ISBN 1556428952 (hardcover : alk. paper)
International Standard Book Number 9781617117404 (e-book)
040 ## - CATALOGING SOURCE
Original cataloging agency CaPaEBR
Language of cataloging eng
Description conventions rda
-- pn
Transcribing agency CaPaEBR
035 ## - SYSTEM CONTROL NUMBER
System control number (OCoLC)874967901
050 14 - LIBRARY OF CONGRESS CALL NUMBER
Classification number RD561
Item number .A26 2010eb
082 04 - DEWEY DECIMAL CLASSIFICATION NUMBER
Classification number 617.4/7
Edition number 22
245 00 - TITLE STATEMENT
Title ACL surgery :
Remainder of title how to get it right the first time and what to do if it fails /
Statement of responsibility, etc editors, Bernard R. Bach, Jr, Matthew T. Provencher ; associate editors, Timothy S. Mologne, John-Paul H. Rue.
264 #1 - PRODUCTION, PUBLICATION, DISTRIBUTION, MANUFACTURE, AND COPYRIGHT NOTICE
Place of production, publication, distribution, manufacture Thorofare, NJ :
Name of producer, publisher, distributor, manufacturer SLACK Incorporated,
Date of production, publication, distribution, manufacture, or copyright notice [2010]
Date of production, publication, distribution, manufacture, or copyright notice �2010
300 ## - PHYSICAL DESCRIPTION
Extent 1 online resource (406 pages) :
Other physical details illustrations (some color)
336 ## - CONTENT TYPE
Content type term text
Source rdacontent
337 ## - MEDIA TYPE
Media type term computer
Source rdamedia
338 ## - CARRIER TYPE
Carrier type term online resource
Source rdacarrier
504 ## - BIBLIOGRAPHY, ETC. NOTE
Bibliography, etc Includes bibliographical references.
505 0# - FORMATTED CONTENTS NOTE
Formatted contents note section I. Introduction : history, anatomy, and biomechanics -- section II. Preoperative evaluation : success with careful patient work-up -- section III. Principles of primary ACL reconstruction : how to get it right the first time -- section IV. The failed ACL surgery : why did it fail and what can I do about it? -- section V. The unstable ACL after primary reconstruction -- section VI. Complex problems in the surgical management of the failed ACL -- section VII. Rehabilitation after the failed ACL -- section VIII. Case studies.
588 ## - SOURCE OF DESCRIPTION NOTE
Source of description note Description based on print version record.
590 ## - LOCAL NOTE (RLIN)
Local note Electronic reproduction. Palo Alto, Calif. : ebrary, 2013. Available via World Wide Web. Access may be limited to ebrary affiliated libraries.
650 #0 - SUBJECT ADDED ENTRY--TOPICAL TERM
Topical term or geographic name as entry element Anterior cruciate ligament
General subdivision Surgery.
Topical term or geographic name as entry element Orthopedic surgery.
655 #0 - INDEX TERM--GENRE/FORM
Genre/form data or focus term Electronic books.
700 1# - ADDED ENTRY--PERSONAL NAME
Personal name Bach, Bernard R.
Personal name Provencher, Matthew T.
Personal name Mologne, Timothy S.
Personal name Rue, John-Paul H.
776 08 - ADDITIONAL PHYSICAL FORM ENTRY
Display text Print version:
Title ACL surgery : how to get it right the first time and what to do if it fails.
Place, publisher, and date of publication Thorofare, NJ : SLACK Incorporated, [2010]
Physical description xvii, 383 pages ; 29 cm
International Standard Book Number 9781556428951
Record control number (OCoLC)ocn472720587
-- (DLC)10801944
797 2# - LOCAL ADDED ENTRY--CORPORATE NAME (RLIN)
Corporate name or jurisdiction name as entry element ebrary.
856 40 - ELECTRONIC LOCATION AND ACCESS
Uniform Resource Identifier <a href="http://site.ebrary.com/lib/rucke/Doc?id=10801944">http://site.ebrary.com/lib/rucke/Doc?id=10801944</a>
Public note An electronic book accessible through the World Wide Web; click to view

No items available.

© 2026 Rongo University
Contact us: librarian | system librarian | Rongo university